| 000 | 00651nam a2200205Ia 4500 | ||
|---|---|---|---|
| 003 | GCL | ||
| 008 | 140319s9999 xx 000 0 ara d | ||
| 040 |
_aGCL / _cGCL |
||
| 082 | 0 | 4 |
_aط _b910.9 _bم ر |
| 100 | 1 | _aمحمد حمزة السعداوى | |
| 245 | 1 | 0 |
_aالدوحة / _cمحمد حمزة السعداوى |
| 700 | 1 | _aعادل البطراوى | |
| 260 |
_a[S.N] : _bدار الكتاب المصرى ، _c1992 |
||
| 300 | _a16 | ||
| 490 |
_aرحلات عصفور و عصفورة فى كل بلاد الدنيا _v0 |
||
| 650 | 0 | 4 | _aالعالم العربى |
| 650 | 0 | 4 | _aالاطفال |
| 650 | 0 | 4 | _aالرحلات |
| 942 |
_2ddc _cBK |
||
| 999 |
_c57075 _d57075 |
||